000 00390nam a22001697a 4500
999 _c11511
_d11511
003 OSt
008 220906b ||||| |||| 00| 0 eng d
020 _a9788189928353
082 _a658.5 KHI
100 _aKHANNA,OP
245 _aIndustrial Engineering and Management
250 _a25th
260 _aNew Delhi
_bDhanpat Rai
_c2019
300 _aMISC
650 _aME
942 _2ddc
_cBK